00595nam a22001817a 4500003000400000008004100004020001500045082001900060100002000079245008700099260004600186300001400232650003400246650005000280650003600330700002300366700002400389OSt250216b |||||||| |||| 00| 0 eng d a9971511428 a660.2842bB61T aBird, R. Byron. aTransport Phenomena / cby R. Byron Bird, Warren E. Stewart and Edwin N. Lightfoot a.- Singaporeb: John Wiley & Sonsc, 1994 axxi,780p. aTechnology (Applied Sciences) aChemical Engineering and Related Technologies aTransport Phenomena Engineering aStewart, Warren E. aLightfoot, Edwin N.